[Event "It (open)"]
[Site "masterchessopen.com Stillwater (USA)"]
[Date "2005.05.30"]
[Round "8"]
[White "Jackson Trevor H (USA)"]
[Black "Brooks Michael A (USA)"]
[Result "0-1"]
[WhiteElo "2098"]
[BlackElo "2490"]

1.d4 Nf6 2.c4 e6 3.Nc3 Bb4 4.a3 Bxc3+ 5.bxc3 c5 6.f3 d5 7.cxd5 exd5 8.Bg5 O-O
9.e3 Re8 10.Bd3 h6 11.Bxf6 Qxf6 12.Qd2 cxd4 13.cxd4 Nc6 14.Ne2 Qh4+ 15.g3 Qe7
16.Kf2 Na5 17.Rhb1 b6 18.Rb4 Bb7 19.Rc1 Rac8 20.Rxc8 Rxc8 21.h4 Qd7 22.g4 Qd6
23.f4 Qe7 24.g5 hxg5 25.hxg5 Qe6 26.f5 Qe7 27.f6 gxf6 28.gxf6 Qxf6+ 29.Nf4 Nc4
30.Bxc4 dxc4 31.d5 c3 32.Qc2 Bxd5 {#R} 0-1

[Event "Ch Europe"]
[Site "masterchessopen.com Warsaw (Poland)"]
[Date "2005.06.20"]
[Round "3"]
[White "Mamedyarov Shakhriyar (AZE)"]
[Black "Huzman Alexander (ISR)"]
[Result "1-0"]
[WhiteElo "2674"]
[BlackElo "2565"]

{ Huzman Alexander (ISR) +0 =1 -0 } 1.d4 e6 2.c4 Nf6 3.Nc3 Bb4 4.a3 Bxc3+
5.bxc3 c5 6.f3 d5 7.cxd5 Nxd5 8.dxc5 Qa5 9.e4 Nc7 { ? } ( 9...Ne7 10.Be3 Qxc3+
11.Kf2 Nbc6 12.Bd3 O-O 13.Ne2 Qa5 14.Qb3 Ne5 15.Rhd1 Qc7 16.Kg1 Bd7 17.Nc3
Nxd3 18.Rxd3 Rad8 19.Rad1 Bc6 20.Bf4 Qa5 21.Qb4 Qxb4 22.axb4 Rxd3 23.Rxd3 a6
24.Kf2 f6 25.Bc7 Nc8 26.Ke3 { 1/2-1/2, Legky Nikolay A 2454 - Huzman Alexander
2390 , Kiev 1986 Ch Ukraine } ) ( 9...Nf6 10.Be3 O-O 11.Qb3 Nfd7 12.Qb4 Qc7
13.Rd1 Nc6 14.Qa4 Nce5 15.Qd4 Nc6 16.Qa4 Nce5 17.Qd4 Nc6 { 1/2-1/2, Timman Jan
H 2630 - Karpov Anatoly 2730 , Tilburg 1991 It (cat.17) } ) 10.Qd4 f6 11.Qb4 (
11.Be3 Nc6 12.Qc4 e5 13.Qb3 Be6 14.Qxb7 O-O 15.Qxc6 Rfd8 16.Kf2 Bd7 17.Qb7
Rab8 18.Bc4+ Kh8 19.Qb4 Rxb4 20.cxb4 Qa4 21.Ne2 Bb5 22.Bxb5 Nxb5 23.Rhc1 a5
24.c6 Rc8 25.bxa5 Nd4 26.Nxd4 exd4 27.Bd2 h5 28.Rab1 Qxa3 29.c7 Qd6 30.Rb6
Qxh2 { ...1-0, Moskalenko Viktor 2435 - Yakovich Yuri 2450 , URS 1987 Ch URS }
) ( 11.f4 O-O 12.Nf3 Nc6 13.Qc4 b6 14.cxb6 Qxb6 15.Nd4 Nxd4 16.Qxd4 Qc6 17.Qc4
Bb7 18.Qxc6 Bxc6 19.Bd3 Rad8 20.Bc2 Nb5 21.O-O Nxc3 22.Re1 Ba4 23.Bxa4 Nxa4
24.Be3 Rd7 25.Rec1 Rb8 26.Rc4 Rb3 27.Bf2 Nc3 28.g3 Kf7 29.Rb4 Rxb4 30.axb4 Kg6
{ ...1/2-1/2, Volkov Sergey Viktorovich 2624 - Tunik Gennady 2507 , Krasnodar
2002 Ch Russia } ) 11...Nc6 12.Qxa5 { ? } 12...Nxa5 13.Rb1 Bd7 ( 13...e5 14.f4
( 14.Bd2 O-O 15.Kf2 { +0.72 CAP } ) 14...exf4 15.Bxf4 Ne6 16.Bd6 Bd7 17.Nf3
Rc8 18.Nd4 Nxc5 19.Nb5 Nxe4 20.Bb4 Nc6 21.Bd3 a6 22.Bxe4 axb5 23.O-O Nxb4
24.cxb4 Bc6 25.Bf5 Rd8 26.Rbe1+ Kf8 27.Rf2 g6 28.Bb1 Rd6 29.Ba2 h5 30.h4 Rh7
31.Bb1 f5 32.Kh2 Rhd7 33.Kg3 { ...0-1, Hillarp Persson Tiger 2523 - Topalov
Veselin 2757 , Benidorm 2003 It (active) } ) 14.Ne2 { +0.60 CAP } ( 14.c4
O-O-O 15.Bd2 Nc6 16.Ne2 Be8 17.Be3 Rd3 18.Bc1 Bf7 19.Nf4 Rd7 20.h4 Na6 21.Be3
{ 1/2-1/2, Landa Konstantin 2571 - Farago Ivan 2455 , Diezisau 2003 It (open)
} ) ( 14.Be3 e5 15.Ne2 Ne6 16.Nc1 Ke7 17.Nb3 Nxb3 18.Rxb3 Rab8 19.Bb5 Rhc8
20.Bxd7 Kxd7 21.Rb5 a6 22.Ra5 Rc6 23.Ke2 Rbc8 24.Rb1 R8c7 25.Rd1+ Ke7 26.Rd5
g5 27.g3 Rc8 28.h4 gxh4 29.gxh4 h5 30.Kf2 R6c7 31.f4 Nxf4 32.Bxf4 exf4 33.Kf3
Rg8 { ...1-0, Khenkin Igor 2587 - Ayas Fernandez Antonio 2336 , Andorra 4.
7.2004 It (open) } ) ( 14.Nh3 O-O-O 15.Nf4 Ba4 16.Be2 e5 17.Nh5 Ne6 18.Be3 Bb3
19.Kf2 Rhf8 20.Ng3 g6 21.Nf1 Nf4 { 1/2-1/2, Bauer Christian 2640 - Schlosser
Philipp 2559 , France 5. 5.2005 Ch France (team) 2005 } ) ( 14.Bd2 O-O-O 15.c4
Nc6 16.Ne2 Be8 ( 16...e5 17.Nc3 Kb8 { +1.17 CAP } ) 17.h4 Bf7 18.Rh3 Rd7
19.Rg3 g6 20.Bh6 Rhd8 21.Nc3 Ne5 22.Bg7 Ne8 23.Bf8 Nd3+ 24.Ke2 Nf4+ 25.Kf2
Rd2+ 26.Kg1 Rc2 27.Nb5 a6 28.Bd6 axb5 29.Bxf4 e5 30.Be3 { 1/2-1/2, Yudasin
Leonid 2470 - Farago Ivan 2510 , Albena 1985 It (cat.8) } ) 14...e5 { N } (
14...Na6 15.Be3 O-O 16.Nf4 Kf7 17.Bb5 Rfd8 18.Ke2 Nc7 19.Bd3 Rab8 20.Rb2 Bc6
21.c4 Bd7 22.Rhb1 Bc8 23.Nd5 exd5 24.cxd5 Ra8 25.Bd2 b6 26.cxb6 axb6 27.Rxb6
Bd7 28.Rc1 Nb5 29.Bxb5 Nb3 30.Rc7 Nd4+ 31.Kf2 Nxb5 32.Rxb5 Rxa3 33.Rbb7 Ke8
34.Kg3 { ...1-0, Ulibin Mikhail 2583 - Hulak Krunoslav 2510 , Pula 2000 Ch
Croatia (team) (1st league) } ) 15.Nd4 { ?! = } ( 15.Ng3 { !? } 15...Be6
16.Be3 O-O 17.Be2 { ? } ) 15...O-O-O { ?! ?/± } ( 15...exd4 { !? } 16.cxd4 Rc8
17.Bd2 Nc6 { = } ) 16.Nb5 Nxb5 17.Bxb5 Kc7 18.Ke2 Be6 19.Be3 Bc4+ 20.Bxc4 Nxc4
21.Rb4 Nxe3 22.Kxe3 Rd7 23.Rhb1 Kc6 24.R1b2 Rhd8 25.Ke2 Kxc5 26.Rxb7 Kc4
27.Kf2 Kxc3 28.Kg3 { ?! = } ( 28.Rb1 { !? } 28...a5 29.Rc1+ Kd2 30.Rcc7 { ?/±
} ) 28...g6 29.a4 f5 30.exf5 gxf5 31.a5 a6 32.Rxd7 Rxd7 33.Rb6 Rg7+ { ?! ± } (
33...Kd2 { !? } 34.Re6 Rd5 35.Rxa6 e4 { = } ) 34.Kf2 Rg6 35.h4 Kd2 36.h5 Rg5 {
? ±/+?? } ( 36...Rxb6 37.axb6 e4 38.fxe4 fxe4 { ? } ) 37.h6 e4 38.Rd6+ Kc3
39.Rxa6 Kd4 40.Rd6+ Ke5 41.Rd7 { +?? } {#r} 1-0

[Event "It (open)"]
[Site "masterchessopen.com Koszalin (Poland)"]
[Round "1"]
[White "Moranda Wojciech (POL)"]
[Black "Szymanska Maria (POL)"]
[Result "1-0"]
[WhiteElo "2451"]
[BlackElo "2159"]

1.d4 e6 2.c4 Nf6 3.Nc3 Bb4 4.f3 d5 5.a3 Bxc3+ 6.bxc3 c5 7.cxd5 Nxd5 8.dxc5 Qa5
9.e4 Ne7 10.Be3 Nec6 11.Qb3 Nd7 12.Bb5 Qc7 13.a4 O-O 14.Nh3 Nce5 15.Qa3 b6
16.a5 bxc5 17.O-O Rb8 18.Rfb1 c4 19.a6 Nb6 20.Nf2 Rd8 21.Bd4 Bd7 22.Qe7 Ng6
23.Qc5 Qxc5 24.Bxc5 Bxb5 25.Rxb5 Nf4 26.Kf1 f6 27.Rab1 Nd7 28.Bxa7 Ra8 29.Be3
Nd3 30.a7 Nxf2 31.Kxf2 Kf8 32.Rb7 Ke8 33.Rc7 Rdc8 34.Rbb7 Rxc7 35.Rxc7 Kd8
36.Rxc4 Ne5 37.Bb6+ {#r} 1-0

[Event "It (open)"]
[Site "masterchessopen.com La Pobla de Lillet (Spain)"]
[Date "2005.08.06"]
[Round "5"]
[White "Moskalenko Viktor (UKR)"]
[Black "Kosten Anthony C (FRA)"]
[Result "0-1"]
[WhiteElo "2529"]
[BlackElo "2507"]

{ Moskalenko Viktor (UKR) +13 =10 -0 Kosten Anthony C (FRA) +1 =0 -0 } 1.d4
Nf6 2.c4 e6 3.Nc3 Bb4 4.f3 d5 5.a3 Bxc3+ 6.bxc3 c5 7.cxd5 Nxd5 8.dxc5 Qa5 9.e4
Ne7 { ? } ( 9...Nf6 10.Qb3 ( 10.Be3 O-O 11.Qb3 Nfd7 12.Qb4 Qc7 13.Rd1 Nc6
14.Qa4 Nce5 15.Qd4 Nc6 16.Qa4 Nce5 17.Qd4 Nc6 { 1/2-1/2, Timman Jan H 2630 -
Karpov Anatoly 2730 , Tilburg 1991 It (cat.17) } ) 10...Qxc5 11.Qb5+ Nbd7
12.Qxc5 Nxc5 13.Bf4 Bd7 14.Bd6 Rc8 15.c4 Ba4 16.Nh3 Kd7 17.Be5 Rhd8 18.Ke2 Ke7
19.Ke3 Ncxe4 20.fxe4 Ng4+ 21.Kf4 Nxe5 22.Kxe5 g5 23.Nxg5 f6+ 24.Kf4 e5+ 25.Ke3
fxg5 26.h4 g4 27.Be2 Rd4 28.Bxg4 Rcxc4 29.Bf3 { ...0-1, Crouch Colin S 2410 -
Kosten Anthony C 2540 , Hastings 1995 It (open) } ) 10.Be3 O-O 11.Qb3 Qc7 { ?
} 12.Bb5 ( 12.a4 Nec6 13.f4 Na5 14.Qa3 Nd7 15.Nf3 e5 16.fxe5 Nxe5 17.Bd4 Ng6
18.Be2 Be6 19.O-O f6 20.Rfe1 Rae8 21.Bf2 a6 22.Bg3 Ne5 23.Nxe5 fxe5 24.Rad1
Nb3 25.c6 Qxc6 26.Bxe5 Rd8 27.Qe7 Qc5+ 28.Qxc5 Nxc5 29.Bd6 Nxa4 30.Bxf8 Rxf8
31.Rd6 Nc5 { ...1-0, Moskalenko Viktor 2505 - Urday Henry 2482 , Mesa 1992 It
(open) } ) ( 12.Nh3 Nec6 13.Nf2 Na5 14.Qb4 Nbc6 15.Qa4 Ne5 16.Be2 Nd7 17.Qb4
Nc6 18.Qa4 Na5 19.Qb4 Nc6 20.Qb5 b6 21.Nd3 bxc5 22.Nxc5 Nce5 23.Nxd7 Qxc3+
24.Kf2 Bxd7 25.Qc5 Qxc5 26.Bxc5 Rfc8 27.Rhc1 Ba4 28.Bd6 Ng6 29.Ba6 Re8 30.Rc4
Rad8 31.e5 Bd7 { ...1-0, Hillarp Persson Tiger 2482 - Berg Emanuel 2527 ,
Skara 2002 Ch Sweden } ) 12...Nec6 ( 12...e5 13.Ne2 Be6 14.Qa4 Nec6 15.O-O a6
16.Bd3 Rd8 17.Rfd1 Nd7 18.Rab1 Na5 19.Qb4 Rab8 20.c4 Rdc8 21.Nc3 Nxc5 22.Be2
Nd7 23.Nd5 Bxd5 24.cxd5 Nc4 25.Bxc4 Qxc4 26.Qxc4 Rxc4 27.Ba7 Rd8 28.Rxb7 Kf8
29.Bb6 Nxb6 30.Rxb6 Ra4 31.Rc1 Ke7 32.Rcc6 { ...1/2-1/2, Palliser Richard 2402
- Large Peter G 2335 , Halifax 14.11.2004 Ch Great Britain (active) } ) (
12...Nd7 13.Bxd7 Bxd7 14.Ne2 e5 15.Rb1 Rab8 16.O-O Nc6 17.Rfd1 Be6 18.c4 Na5
19.Qb4 Nxc4 20.Bf2 Qc6 21.Ng3 g6 22.Nf1 Rfd8 23.Rxd8+ Rxd8 24.Qxb7 Qxb7
25.Rxb7 Rd1 26.Bh4 Nd2 27.Kf2 Rxf1+ 28.Ke2 Rb1 29.c6 Nb3 30.Bf6 Nd4+ {
1/2-1/2, Beliavsky Alexander G 2660 - Kunte Abhijit 2550 , Pune 7. 9.2004 It
(cat.16) } ) ( 12...Nbc6 13.Ne2 e5 14.Bxc6 Nxc6 15.Rb1 Na5 16.Qb4 Be6 17.Kf2
Rab8 18.Rhd1 Nc4 19.Bc1 b5 20.c6 Qb6+ 21.Kg3 a5 22.Qe7 Rfe8 23.Qg5 Qxc6 24.h4
f6 25.Qh5 Rbd8 26.Rxd8 Rxd8 27.Kh2 Qc5 28.f4 Qf2 29.f5 Bf7 30.Qg4 h5 31.Qf3
Qxh4+ 32.Qh3 { ...0-1, Xanthos Constantin 2245 - Morovic Fernandez Ivan 2600 ,
New York 1997 It (open) } ) 13.f4 ( 13.Rd1 e5 14.Qa2 Na5 15.Qd5 Bd7 16.Bxd7
Rd8 17.Qd6 Qxd6 18.Rxd6 Nxd7 19.Kf2 Nc4 20.Rd5 Nf6 21.Rxd8+ Rxd8 22.Ne2 Rc8
23.Rb1 Rc7 24.Bg5 Kf8 25.Rb4 Na5 26.Rb5 Nc4 27.Rb4 Na5 28.Be3 Nd7 29.Nc1 b6
30.cxb6 axb6 31.Na2 Nc4 32.Ra4 Ke7 { ...1/2-1/2, Timman Jan H 2630 - Karpov
Anatoly 2730 , Linares 1991 It (cat.17) } ) ( 13.Ne2 e5 14.Bxc6 Nxc6 15.O-O
Be6 16.Qc2 Na5 17.Nc1 Rfd8 18.Bf2 Rd7 19.Rd1 Rad8 20.Rxd7 Rxd7 21.Nd3 Bb3
22.Qb1 Qd8 23.Ne1 Rd1 24.Qb2 Rd2 25.Qb1 Qd7 26.a4 h6 27.g3 Qe6 28.Be3 Rd1
29.Qxd1 Bxd1 30.Rxd1 Qb3 31.Rd8+ Kh7 32.Rd7 f6 { ...0-1, Formanek Edward W
2350 - Campos Moreno Javier B 2485 , Catalunia 1996 Ch Catalunia (team) } )
13...Na5 { +0.00 CAP } 14.Qc2 { N } ( 14.Qb4 Na6 15.Bxa6 bxa6 16.Rd1 e5 17.Nf3
Rb8 18.Qa4 exf4 19.Bf2 Be6 20.O-O Rfc8 21.Rd5 Nb7 22.Re5 Qa5 23.Qb4 Qc7 24.Qa4
Qa5 { 1/2-1/2, Lin Ta 2410 - Smyslov Vassily 2570 , Manila 1990 Izt } )
14...Nd7 15.Nf3 Nxc5 16.e5 b6 17.Ng5 f5 18.O-O h6 19.Nf3 Rd8 20.Rad1 Bb7
21.Rxd8+ Rxd8 22.Rd1 Ne4 { ?! } ( 22...Rxd1+ { !? } 23.Qxd1 Ne4 24.Qd7 Qxd7 {
} ) 23.Rxd8+ Qxd8 24.Bf1 Qc8 25.Nd4 Bd5 26.Nb5 Bc4 27.Bd3 Bxb5 28.Bxb5 Nc4
29.Bxc4 Qxc4 30.Bd4 b5 31.g4 a5 32.gxf5 exf5 33.Qb2 Qd3 34.Qa2+ { ? } ( 34.Qa1
g5 35.Qa2+ Kf8 36.Qe6 { } ) 34...Kh7 35.Qf7 { ?! } ( 35.Qg2 { !? } 35...Nxc3
36.Bxc3 Qxc3 37.Qe2 { } ) 35...Nd2 36.h4 Qf1+ 37.Kh2 Qxf4+ 38.Kg2 Qf3+ 39.Kg1
Qf1+ 40.Kh2 Qe2+ 41.Kh3 Qg4+ 42.Kh2 Nf3+ { } {#R} 0-1

[Event "It (open)"]
[Site "masterchessopen.com Albacete (Spain)"]
[Date "2005.09.02"]
[Round "2"]
[White "Avila Jimenez Javier (ESP)"]
[Black "Suba Mihai (ROM)"]
[Result "0-1"]
[WhiteElo "2238"]
[BlackElo "2512"]

1.d4 Nf6 2.c4 e6 3.Nc3 Bb4 4.f3 d5 5.a3 Bxc3+ 6.bxc3 c5 7.cxd5 exd5 8.e3 Qc7
9.Ne2 O-O 10.g4 Re8 11.g5 Nh5 12.Kf2 Qe7 13.h4 Nd7 14.Bh3 g6 15.Bg4 Ng7 16.h5
cxd4 17.cxd4 Nb6 18.hxg6 fxg6 19.Qg1 Bxg4 20.Qxg4 Nf5 21.Nf4 Rac8 22.Nh5 Rc2+
23.Kg1 Nxe3 24.Nf6+ Qxf6 25.Bxe3 Qe6 26.Qxe6+ Rxe6 27.Bf4 Ree2 28.Rh2 Rxh2
29.Bxh2 Nc4 30.Bf4 Rc3 31.Rb1 b6 32.Rb5 Rxf3 33.Bb8 Rf5 34.Bxa7 Rxg5+ 35.Kh2
Rf5 36.Bxb6 Nxa3 37.Ra5 Nc4 38.Ra8+ Rf8 39.Ra6 Nxb6 {#R} 0-1

[Event "Ch Croatia (team)"]
[Site "masterchessopen.com Sibenik (Croatia)"]
[Date "2005.10.03"]
[Round "4"]
[White "Cebalo Miso (CRO)"]
[Black "Zelcic Robert (CRO)"]
[Result "0-1"]
[WhiteElo "2512"]
[BlackElo "2533"]

{ Cebalo Miso (CRO) +4 =5 -1 Zelcic Robert (CRO) +0 =0 -1 } 1.d4 Nf6 2.c4 e6
3.Nc3 Bb4 4.f3 d5 5.a3 Bxc3+ 6.bxc3 c5 7.cxd5 Nxd5 ( 7...exd5 8.e3 O-O 9.Bd3
b6 10.Ne2 Ba6 11.O-O Bxd3 12.Qxd3 Nc6 13.e4 cxd4 14.cxd4 dxe4 15.fxe4 Qe7
16.Ng3 Rad8 17.Bb2 Rfe8 18.Rae1 Ne5 19.Qb3 Ng6 20.Nf5 Qd7 21.Qf3 Re6 22.d5
Rxe4 23.Nh6+ Kf8 24.Rxe4 Nxe4 25.Nxf7 Nd2 26.Bxg7+ Ke8 27.Nd6+ { ...1-0,
Lazovic Gordan 2319 - Zelcic Robert 2561 , Pula 1999 Ch Croatia (team) (1st
league) } ) 8.dxc5 Qa5 9.e4 Nf6 10.Be3 O-O 11.Qb3 ( 11.Kf2 Nfd7 12.Rb1 Rd8
13.Rb5 Qxa3 14.Ne2 Nc6 15.Nd4 e5 16.Nxc6 bxc6 17.Rb1 Ba6 18.Bxa6 Qxa6 19.Qd6
Nb6 20.Qxc6 Rac8 21.Rbd1 Qa2+ 22.Kg3 Re8 23.Qb5 Qa4 24.Qb4 Qxb4 25.cxb4 Nc4
26.Bf2 Rb8 27.Rd7 Rxb4 28.Rc1 Rc8 29.Rxa7 Nb2 30.Rd7 h5 { ...1-0, Volkov
Sergey Viktorovich 2554 - Sakaev Konstantin 2627 , New Delhi 2000 Ch World
FIDE (KO-system) } ) 11...Nfd7 ( 11...Qc7 12.a4 Nfd7 13.Qa3 Nc6 14.Nh3 Na5
15.Bb5 Nb8 16.Nf4 Bd7 17.Be2 Rc8 18.O-O Be8 19.Rfb1 Nd7 20.Bb5 Ne5 21.Qc1 Rd8
22.Ra2 Qe7 23.Be2 h6 24.Bd4 Qc7 25.Qf1 Nd7 26.Nd3 f6 27.Bf2 Rac8 28.Qc1 Bf7
29.Rab2 e5 30.Rb4 Nb8 31.Ne1 { ...0-1, Summerscale Aaron 2495 - Ehlvest Jaan
2600 , Philadelphia 2002 It "World Open" } ) 12.a4 Qc7 13.Qa3 b6 14.a5 (
14.cxb6 axb6 15.Ne2 ( 15.Kf2 Ba6 16.Nh3 { +0.56 CAP } ) 15...Ba6 16.Kf2 Rc8
17.Nd4 Bxf1 18.Rhxf1 Nc5 19.Kg1 Rxa4 20.Qb2 Nd3 21.Qc2 Rxa1 22.Rxa1 Ne5 23.Nb5
Qd7 24.Na7 Re8 25.Bxb6 Nc4 26.Bf2 Rd8 27.Qe2 Qd3 28.Qxd3 Rxd3 29.Nb5 h6 30.h3
Nc6 31.Bg3 Rd2 32.Bf4 Rb2 33.Ra8+ Kh7 { ...1-0, Moskalenko Viktor 2505 -
Vaisser Anatoly 2580 , Mesa 1992 It (open) } ) ( 14.Ne2 Nxc5 15.Nd4 { 1/2-1/2,
Moskalenko Viktor 2530 - Lopez Martinez Josep Manuel 2468 , Badalona 9. 3.2005
It (cat.8) } ) ( 14.Bb5 Nxc5 15.a5 Ba6 16.Bxc5 bxc5 17.c4 Bc8 18.Qc3 Nc6
19.Bxc6 Qxc6 20.Ne2 Ba6 21.Nf4 Rfd8 22.O-O Rd4 23.Rfc1 Rad8 24.Qe3 Bxc4
25.Rab1 e5 26.Nh5 f6 27.Ng3 Rd3 28.Qf2 Rd2 29.Nf5 Rxf2 30.Ne7+ Kf7 31.Nxc6
Rdd2 32.Rb7+ Kg6 33.Kh1 Bf1 { ...0-1, Erdogan Hakan 2217 - Olsen Heini 2313 ,
Istanbul 2000 Olympiad } ) 14...bxc5 15.Nh3 ( 15.a6 c4 16.Qa5 Qxa5 17.Rxa5 Nc6
18.Ra2 Rb8 19.Bxc4 Nde5 20.Be2 Rd8 21.Kf2 Rb1 22.g4 f5 23.Kg2 Ng6 24.h4 fxg4
25.h5 Nge5 26.fxg4 Rb3 27.Bg5 Rf8 28.Bd2 Bd7 29.Nh3 Rfb8 30.Nf2 Rb2 31.Rha1
Kf7 32.g5 R8b3 33.Bd1 Rb5 34.Be2 R5b3 { ...1-0, Berkes Ferenc 2630 - Almasi
Zoltan 2650 , Budapest 19. 8.2004 Ch Hungary } ) 15...Ba6 { = } 16.Bxa6 Nxa6
17.Qa4 { +0.22 CAP } 17...c4 { N } ( 17...Ne5 18.Nf2 ( 18.O-O Qc6 19.Bf4 Qxa4
20.Rxa4 Nc6 21.Bd6 Rfd8 22.e5 f6 23.f4 Rd7 24.Nf2 Nd8 25.Ne4 Nb7 26.f5 Re8
27.g4 exf5 28.Rxf5 fxe5 29.Bxe5 Rde7 30.Nd6 Rxe5 31.Nxb7 Re2 32.Rf2 R2e4
33.Rf4 Re2 34.Rf2 { 1/2-1/2, Milov Vadim 2590 - Razuvaev Yuri S 2550 , Biel
1994 It (open) } ) 18...Rab8 19.f4 Nc6 20.O-O Rfd8 21.Rfd1 Qb7 22.Nd3 h6 23.f5
Qb5 24.Qxb5 { 1/2-1/2, Khenkin Igor 2587 - Stohl Igor 2561 , Germany 15.
2.2004 Bundesliga 2003/04 } ) 18.O-O Rab8 19.Rfd1 Ne5 20.Nf2 { ?! } ( 20.Bf4
Rfc8 21.Rd4 Nxf3+ 22.gxf3 { } ) 20...Nc5 21.Bxc5 { ?! } ( 21.Qa3 Nb3 22.Rab1
Nxa5 23.Ra1 { } ) 21...Qxc5 22.Rd4 { ?! } ( 22.Qa2 Nd3 23.Kf1 Rfd8 24.Qc2 { }
) 22...Rb3 23.Rad1 { ?! } ( 23.Kh1 Rxc3 24.Rd2 Rb3 25.a6 { } ) 23...Rxc3
24.Rd8 Nd3 25.Rxf8+ Kxf8 26.Qa2 Ra3 27.Qd2 Qxf2+ 28.Qxf2 Nxf2 29.Kxf2 Rxa5
30.Rd8+ Ke7 31.Rc8 Ra2+ 32.Kg3 Ra4 33.e5 Kd7 34.Rc5 a6 35.h4 Rb4 36.f4 h5
37.Kf3 g6 38.Ke3 Rb3+ 39.Kd4 Rg3 40.Rxc4 Rxg2 41.Ra4 Rg4 42.Ke3 Ke7 43.Rxa6
Kf8 44.Kf3 Rxh4 45.Ra8+ Kg7 46.Ra7 Rh3+ 47.Kg2 Rb3 48.Rc7 Rb5 49.Kg3 g5 { }
{#R} 0-1

[Event "It (cat.4)"]
[Site "masterchessopen.com Zaragoza (Spain)"]
[Date "2005.10.04"]
[Round "2"]
[White "Romon Poves Raul (ESP)"]
[Black "Gomez Luesia Jesus (ESP)"]
[Result "1-0"]
[WhiteElo "2209"]
[BlackElo "2196"]

1.d4 Nf6 2.c4 e6 3.Nc3 Bb4 4.f3 d5 5.a3 Bxc3+ 6.bxc3 c5 7.cxd5 exd5 8.e3 O-O
9.Ne2 Nc6 10.g4 cxd4 11.cxd4 Re8 12.Bg2 Be6 13.O-O Rc8 14.Nf4 Na5 15.g5 Nd7
16.e4 Nf8 17.e5 Nc4 18.Nh5 Bf5 19.Ng3 Qd7 20.Nxf5 Qxf5 21.f4 Red8 22.Bf3 Ne6
23.Bg4 Qe4 24.Re1 Qxd4+ 25.Qxd4 Nxd4 26.Bxc8 Nf3+ 27.Kf2 Nxe1 28.Bf5 g6 29.Bb1
Rc8 30.Kxe1 Nxe5 31.Bb2 Nf3+ 32.Kf2 Nxh2 33.Bd3 Ng4+ 34.Kf3 h5 35.gxh6 Nxh6
36.Rh1 Kh7 37.Bf6 Rc6 38.Bg5 Rc3 39.Ke3 Rxa3 40.Bxh6 {#r} 1-0

[Event "Cup World FIDE"]
[Site "masterchessopen.com Khanty Mansyisk (Russia)"]
[Date "2005.11.27"]
[Round "1"]
[White "Milov Vadim (SUI)"]
[Black "Pantsulaia Levan (GEO)"]
[Result "0-1"]
[WhiteElo "2652"]
[BlackElo "2578"]

{ Milov Vadim (SUI) +1 =5 -1 } 1.d4 Nf6 2.c4 e6 3.Nc3 Bb4 4.f3 d5 5.a3 Bxc3+
6.bxc3 c5 7.cxd5 Nxd5 8.dxc5 ( 8.Qd2 f5 9.e3 O-O 10.Nh3 Nc6 11.Be2 Qh4+ 12.Nf2
cxd4 13.cxd4 f4 14.exf4 Qxf4 15.Bb2 Ne3 16.g3 Ng2+ 17.Kd1 Ne3+ 18.Ke1 Ng2+
19.Kd1 Ne3+ 20.Ke1 Ng2+ { 1/2-1/2, Milov Vadim 2683 - Tzoumbas Anastasios 2345
, Iraklion 1993 It (open) } ) 8...f5 9.Qc2 O-O 10.e4 fxe4 11.fxe4 Nf4 { = } (
11...Qh4+ 12.g3 Qf6 13.Bg2 Qxc3+ 14.Qxc3 Nxc3 15.Bf4 Bd7 16.Bd6 Re8 17.Ne2
Nxe2 18.Kxe2 Bc6 19.Rhd1 Nd7 20.Ke3 Rac8 21.Rac1 b6 22.cxb6 Nxb6 23.Rc5 Bb7
24.Rdc1 Rxc5 25.Rxc5 Rc8 26.Rxc8+ Nxc8 27.Bc5 e5 28.Bf1 Kf7 29.Bc4+ Kf6 30.a4
Nb6 31.Bb5 { ...0-1, Yakovich Yuri 2525 - Jussupow Artur 2630 , Oviedo 1993 It
(active) } ) 12.Be3 { +0.15 CAP } ( 12.Nf3 Qc7 13.Be3 Nd7 14.Bc4 Nxc5 15.O-O
Bd7 16.Rae1 b6 17.Bd4 Ba4 18.Qd2 Nb3 19.Bxb3 Bxb3 20.Ne5 Ng6 21.Qg5 Qe7 22.Qg3
Nxe5 { 1/2-1/2, Timman Jan H 2630 - Karpov Anatoly 2730 , Reykjavik 1991 Cup
World (cat.16) } ) 12...Qc7 { N } ( 12...Nd7 13.Qd2 ( 13.Nf3 Qc7 14.Bc4 Nxc5
15.O-O Bd7 16.Bd4 Nxe4 17.Ne5 Nd6 18.Nxd7 Qxd7 19.Ba2 Qc6 20.Rae1 Nc4 21.Rf3
Ng6 22.Rg3 e5 23.Qe4 exd4 24.Qxc6 bxc6 25.Bxc4+ Kh8 26.cxd4 Rad8 27.Rg4 Nf4
28.Re4 Nd5 29.Bxd5 Rxd5 30.Re7 Rdf5 31.h3 R5f7 32.Rge4 { ...1/2-1/2, Lin Ta
2418 - Yu Shaoteng 2517 , Beijing 1993 Cup S.T.Lee } ) 13...Qf6 14.Nf3 Ne5
15.Nxe5 Qxe5 16.Qd4 Qh5 17.e5 Nd5 18.Be2 Qg6 19.Bf3 Bd7 20.O-O Bc6 21.Bd2 Ne7
22.Bxc6 Nxc6 23.Qd7 Rf7 24.Rxf7 Qxf7 25.Qxf7+ Kxf7 26.Rb1 Rb8 27.Bf4 Ke8
28.Kf2 { 1/2-1/2, Sakaev Konstantin 2600 - Savon Vladimir A 2435 , St.
Petersburg 1996 Memorial A.Petrov } ) 13.Qd2 Nd7 14.Qd6 Qa5 15.Rc1 e5 16.Nf3
Rf6 17.Qe7 Qa4 18.Nd2 Rf7 19.Qd8+ Rf8 20.Qc7 Kh8 21.g3 Ne6 22.Qd6 Nf6 23.Qd3
Ng4 24.Bg1 Qxa3 25.Rb1 Rd8 26.Qc4 Ng5 27.Qb3 Qa5 28.Be2 { ?! } ( 28.h4 Ne6
29.Nc4 Qc7 30.Nd6 { } ) 28...Nh3 29.Nc4 Qc7 30.Nd6 Rf8 31.Qd5 Nxg1 32.Rxg1 Be6
33.Rxb7 { ?! } ( 33.Qxe6 Qxc5 34.Kd2 Qe3+ 35.Kc2 { } ) 33...Qa5 34.Qd2 Qxc5
35.Rf1 Rfd8 { ?! } ( 35...Rxf1+ 36.Bxf1 Rf8 37.Nf5 { } ) 36.Bxg4 Rxd6 37.Qg5 {
?! } ( 37.Bxe6 Rxd2 38.Kxd2 Rd8+ 39.Bd5 { } ) 37...Qxc3+ 38.Kf2 Rf8+ 39.Kg2
Qc2+ 40.Kg1 Qc5+ 41.Kg2 Qc2+ 42.Kg1 Rxf1+ 43.Kxf1 Bc4+ { } {#R} 0-1

[Event "It (open) \"]
[Site "masterchessopen.com Gibraltar (England)"]
[Date "2006.02.01"]
[Round "9"]
[White "Volkov Sergey Viktorovich (RUS)"]
[Black "Georgiev Kiril (MKD)"]
[Result "0-1"]
[WhiteElo "2628"]
[BlackElo "2680"]

{ Volkov Sergey Viktorovich (RUS) +10 =6 -3 Georgiev Kiril (MKD) +2 =1 -0 }
1.d4 Nf6 2.c4 e6 3.Nc3 Bb4 4.f3 d5 5.a3 Bxc3+ 6.bxc3 c5 7.cxd5 Nxd5 8.dxc5 Qa5
9.e4 Ne7 { ? } ( 9...Nf6 10.Be3 O-O 11.Qb3 Nfd7 12.Qb4 Qc7 13.Rd1 Nc6 14.Qa4
Nce5 15.Qd4 Nc6 16.Qa4 Nce5 17.Qd4 Nc6 { 1/2-1/2, Timman Jan H 2630 - Karpov
Anatoly 2730 , Tilburg 1991 It (cat.17) } ) 10.Be3 O-O 11.Qb3 Qc7 { ? } (
11...e5 12.Bc4 Qc7 13.a4 Nec6 14.Bd5 Na5 15.Qa3 Na6 16.c4 Be6 17.Rc1 Rac8
18.Ne2 Nxc5 19.O-O b6 20.Rfd1 Rfd8 21.h3 Qe7 22.Qa2 Qe8 23.Nc3 Ncb3 24.Rc2
Nxc4 25.Bxb6 axb6 26.Bxe6 fxe6 27.Qxb3 Ne3 28.Rxd8 Rxd8 29.Re2 Rd3 30.Qb5 Qxb5
{ 1/2-1/2, Malaniuk Vladimir P 2505 - Georgiev Kiril 2605 , Moscow 1990 Cup
World (qual) } ) 12.Rb1 ( 12.Nh3 Nec6 13.Nf2 Na5 14.Qb4 Nbc6 15.Qa4 Ne5 16.Be2
Nd7 17.Qb4 Nc6 18.Qa4 Na5 19.Qb4 Nc6 20.Qb5 b6 21.Nd3 bxc5 22.Nxc5 Nce5
23.Nxd7 Qxc3+ 24.Kf2 Bxd7 25.Qc5 Qxc5 26.Bxc5 Rfc8 27.Rhc1 Ba4 28.Bd6 Ng6
29.Ba6 Re8 30.Rc4 Rad8 31.e5 Bd7 { ...1-0, Hillarp Persson Tiger 2482 - Berg
Emanuel 2527 , Skara 2002 Ch Sweden } ) 12...Nd7 ( 12...Nec6 13.f4 Na5 14.Qd1
Rd8 15.Qh5 Nd7 16.Nf3 Nf6 17.Qh4 Nxe4 18.Bd4 Nc6 19.Bd3 Nxd4 20.cxd4 Qa5+
21.Ke2 Nc3+ 22.Kf2 h6 23.Rb3 Bd7 24.Rc1 Nd5 25.Kg1 Bc6 26.f5 exf5 27.Bxf5 Re8
28.Qf2 Qa4 29.Nd2 Re7 30.Bc2 Rae8 31.Rg3 Qa6 32.Rf1 { ...1/2-1/2, Beliavsky
Alexander G 2660 - De Firmian Nick E 2550 , Malme 9. 5.2004 It (cat.14) } )
13.Qc4 ( 13.Qb4 Rd8 14.Nh3 a5 15.Qc4 Ra6 16.Qa2 Ra8 17.Qc4 Ra6 18.Qa2 Ra8
19.Qc4 { 1/2-1/2, De Jong Jan Willem 2278 - Conquest Stuart 2488 , Gent 20.
7.2004 It (open) } ) ( 13.Bb5 { -0.04 CAP } ) 13...Ne5 { -0.41 CAP ^00 ^01 ^00
^00 ^00 ^05 Qc4b5 ^00 ^00 ^00 ^01 ^00 ^05 Qc4b5 ^254 ^00 ^00 ^00 ^128 } (
13...Nc6 14.Nh3 b5 15.Qa2 a6 16.c4 e5 17.cxb5 axb5 18.Bxb5 Nd4 19.Bxd4 exd4
20.c6 Ne5 21.O-O Bxh3 22.gxh3 d3 23.Kh1 Rfd8 24.a4 Nxc6 25.Rbc1 Qb6 26.Rxc6
Qxb5 27.Qxf7+ Kxf7 28.axb5 Ra2 29.b6 Re2 30.Rcc1 d2 31.Rb1 Kf6 32.b7 Rb8 33.h4
{ ...1/2-1/2, Volkov Sergey Viktorovich 2624 - Polgar Judit 2700 , Halkidiki
2002 Cup European Club (final) } ) 14.Qb5 { N ^254 ^00 ^00 ^00 ^04 ! } (
14.Qb3 { 1/2-1/2, Khenkin Igor 2587 - Anand Viswanathan 2781 , Germany 2003
Bundesliga 2003/04 } 14...Nd7 15.Qc4 Ne5 16.Qb3 { 1/2-1/2, Khenkin Igor 2587 -
Anand Viswanathan 2781 , Germany 2003 Bundesliga 2003/04 } ) 14...f5 15.Be2
Bd7 { ?! } ( 15...N7g6 16.Nh3 fxe4 17.f4 Nd3+ { } ) 16.Qxb7 Qa5 17.Bd4 N7c6
18.Qa6 Qd8 19.exf5 { ?! } ( 19.f4 Ng4 20.g3 Rb8 21.Rxb8 { } ) 19...Nxd4
20.cxd4 Qh4+ 21.Kf1 Qxd4 22.Qd6 Qe3 23.Re1 Rxf5 24.Ba6 { ?? } ( 24.Bc4 Nxc4
25.Rxe3 Nxd6 26.cxd6 { } ) 24...Qxa3 { ?? } ( 24...Qc3 25.a4 Nxf3 26.gxf3
Rxf3+ { } ) 25.Bb7 { ?? } ( 25.Rxe5 Rxe5 26.Qxe5 Qxa6+ 27.Ne2 { } ) 25...Bb5+
26.Ne2 Raf8 27.Be4 Nxf3 28.Bxf5 Rxf5 29.Qxe6+ Rf7 30.Qc8+ Rf8 31.Qe6+ Kh8
32.Qe7 Re8 33.Qxe8+ Bxe8 34.Rd1 Kg8 35.h4 Nd2+ 36.Ke1 Ne4 37.Rh3 Qxc5 38.Nd4
Bh5 { } {#R} 0-1